La dissolution de fait du mariage
Abhandlung über die Auflösung der Ehe (Definition, Unauflöslichkeit, Nichtigkeit, Lösung etc.). Zum Schluss kommt der Autor dazu, festzustellen, eine Lösung könne in der ostkirchlichen Praxis zu finden sein
| Main Author: | |
|---|---|
| Format: | Print Article |
| Language: | French |
| Check availability: | HBZ Gateway |
| Interlibrary Loan: | Interlibrary Loan for the Fachinformationsdienste (Specialized Information Services in Germany) |
| Published: |
1992
|
| In: |
Revue de droit canonique
Year: 1992, Volume: 42, Issue: 1, Pages: 119-130 |
| IxTheo Classification: | SB Catholic Church law |
| Further subjects: | B
Eheauflösung
B Holy See (motif) Codex iuris canonici 1983. can. 1055-1165 B Marriage |
MARC
| LEADER | 00000caa a22000002c 4500 | ||
|---|---|---|---|
| 001 | 1650254652 | ||
| 003 | DE-627 | ||
| 005 | 20210719230230.0 | ||
| 007 | tu | ||
| 008 | 190311s1992 xx ||||| 00| ||fre c | ||
| 035 | |a (DE-627)1650254652 | ||
| 035 | |a (DE-576)519151992 | ||
| 035 | |a (DE-599)BSZ519151992 | ||
| 040 | |a DE-627 |b ger |c DE-627 |e rakwb | ||
| 041 | |a fre | ||
| 084 | |a 1 |2 ssgn | ||
| 100 | 1 | |a Hayoit, Pierre |4 aut | |
| 245 | 1 | 3 | |a La dissolution de fait du mariage |
| 264 | 1 | |c 1992 | |
| 336 | |a Text |b txt |2 rdacontent | ||
| 337 | |a ohne Hilfsmittel zu benutzen |b n |2 rdamedia | ||
| 338 | |a Band |b nc |2 rdacarrier | ||
| 520 | |a Abhandlung über die Auflösung der Ehe (Definition, Unauflöslichkeit, Nichtigkeit, Lösung etc.). Zum Schluss kommt der Autor dazu, festzustellen, eine Lösung könne in der ostkirchlichen Praxis zu finden sein | ||
| 610 | 2 | 7 | |0 (DE-588)4688014-8 |0 (DE-627)349394628 |0 (DE-576)215047079 |a Katholische Kirche |t Codex iuris canonici |f 1983 |p can. 1055-1165 |2 gnd |
| 650 | 0 | 7 | |0 (DE-588)4013630-9 |0 (DE-627)106342541 |0 (DE-576)208904859 |a Ehe |2 gnd |
| 650 | 4 | |a Eheauflösung |7 (dpeaa)DE-Tue135-3 | |
| 652 | |a SB | ||
| 773 | 0 | 8 | |i In |t Revue de droit canonique |d Strasbourg : Univ., 1951 |g 42(1992), 1, Seite 119-130 |w (DE-627)129502901 |w (DE-600)208666-9 |w (DE-576)014905698 |x 0556-7378 |7 nnas |
| 773 | 1 | 8 | |g volume:42 |g year:1992 |g number:1 |g pages:119-130 |
| 935 | |a KALD |a DAKR | ||
| 951 | |a AR | ||
| CAL | |a 210550000_211659999 | ||
| CAN | |a 1 | ||
| ELC | |b 1 | ||
| ITA | |a 1 |t 1 | ||
| LOK | |0 000 xxxxxcx a22 zn 4500 | ||
| LOK | |0 001 3336303451 | ||
| LOK | |0 003 DE-627 | ||
| LOK | |0 004 1650254652 | ||
| LOK | |0 005 20190916133934 | ||
| LOK | |0 008 190311||||||||||||||||ger||||||| | ||
| LOK | |0 035 |a (DE-Tue135-1)105686 | ||
| LOK | |0 040 |a DE-Tue135-1 |c DE-627 |d DE-Tue135-1 | ||
| LOK | |0 852 |a DE-Tue135-1 | ||
| LOK | |0 852 1 |c FTHKR097833/42/HTP |m p |9 00 | ||
| LOK | |0 852 2 |b FTH Z5-694 |9 00 | ||
| LOK | |0 935 |a iZSA | ||
| LOK | |0 936ln |0 1442053313 |a SB | ||
| LOK | |0 938 |k p | ||
| LOK | |0 939 |a 11-03-19 |b l01 | ||
| LOK | |0 000 xxxxxcx a22 zn 4500 | ||
| LOK | |0 001 3955398668 | ||
| LOK | |0 003 DE-627 | ||
| LOK | |0 004 1650254652 | ||
| LOK | |0 005 20210719121643 | ||
| LOK | |0 008 210719||||||||||||||||ger||||||| | ||
| LOK | |0 035 |a (DE-Tue135-3)DAKAR1_47 | ||
| LOK | |0 040 |a DE-Tue135-3 |c DE-627 |d DE-Tue135-3 | ||
| LOK | |0 092 |o n | ||
| LOK | |0 852 |a DE-Tue135-3 | ||
| LOK | |0 852 1 |c MS KR-R-16 |9 00 | ||
| LOK | |0 935 |a msmi | ||
| LOK | |0 936ln |0 1442053313 |a SB | ||
| LOK | |0 939 |a 19-07-21 |b l01 | ||
| ORI | |a SA-MARC-ixtheoa001.raw | ||
| STA | 0 | 0 | |a Marriage,Marriage,Marital life,Matrimony,Married people,Marriage,Marriage in literature |
| STB | 0 | 0 | |a Mariage,Mariage,Couples,Psychologie du couple |
| STC | 0 | 0 | |a Matrimonio,Matrimonio,Matrimonio |
| STD | 0 | 0 | |a Matrimonio,Matrimonio |
| STE | 0 | 0 | |a 婚姻,婚姻 |
| STF | 0 | 0 | |a 婚姻,婚姻 |
| STG | 0 | 0 | |a Matrimônio,Matrimônio |
| STH | 0 | 0 | |a Брак (мотив),Брак |
| STI | 0 | 0 | |a Γάμος (μοτίβο),Γάμος |
| SUB | |a CAN | ||
| SYB | 0 | 0 | |a Katholische Kirche,De matrimonio |
| SYE | 0 | 0 | |a Eheleben,Ehen |